00418nam a22001577a 450000500170000001000140001702000260003103500130005703700130007008200110008310000150009424500550010926000510016427000230021530000220023820100812114139.0 aENG-99987 a9789350011232c100.00 aEN-83519 bDBAD/PUB a882.08 aRamesh, N. aEvergreen tragedies of Shakespeare /cby N. Ramesh aPerambalurbMercury Printrs & Publishersc2008 bPerambalure621212 a103p.c21cm (pbk)